000 00729nam a2200229Ii 4500
003 JO-AjNU
008 230605s9999||||xx |||||||||||||| ||und||
017 _a2007/2/503
020 _a978-9957-463-35-9
040 _aJO-AjNU
_bara
_erda
_cJO-AjNU
041 _aara
050 1 4 _aBM601.A54.2007
100 3 _aالعاني،رعد مجيد,
_eauthor
_923879
245 0 0 _aأسطورة يهوه
250 _aط1
264 3 1 _aعمان:دار كنوز المعرفة للنشر والتوزيع ،2007
300 _a201ص
336 _atext
_btxt
_2rdacontent
337 _aunmediated
_bn
_2rdamedia
338 _avolume
_bnc
_2rdacarrier
650 4 _aالاساطير اليهودية-العقائد اليهودية
_923880
999 _aA8709
_c12277
_d12277